000
00223 a2200097 4500
001
39864
100
_a
Murty P S N
245
_a
Pre University Physics
260
_a
New Delhi
_b
R Chand & Co.
_c
1984
090
_c
24862
_d
24862
942
_a
NUST-CAE
_c
M
_c
16516
999
_c
274937
_d
274937